UBT Library

The Simon and Schuster handbook of anatomy and physiology / (Record no. 41320)

000 -LEADER
fixed length control field 00572cam a2200217 i 4500
001 - CONTROL NUMBER
control field 4628877
005 - DATE AND TIME OF LATEST TRANSACTION
control field 20180131033924.0
008 - FIXED-LENGTH DATA ELEMENTS--GENERAL INFORMATION
fixed length control field 781207s1978 nyua 001 0 eng
010 ## - LIBRARY OF CONGRESS CONTROL NUMBER
LC control number 78020842
020 ## - INTERNATIONAL STANDARD BOOK NUMBER
International Standard Book Number 0671249592
040 ## - CATALOGING SOURCE
Original cataloging agency DLC
Transcribing agency DLC
Modifying agency DLC
041 ## - LANGUAGE CODE
Language code of text/sound track or separate title eng
080 ## - UNIVERSAL DECIMAL CLASSIFICATION NUMBER
Universal Decimal Classification number 612 BEV
082 00 - DEWEY DECIMAL CLASSIFICATION NUMBER
Classification number 612 BEV
100 1# - Rafti
Rafti 7
101 ## - Shkurtesa
Shkurtesa ANA
245 14 - TITLE STATEMENT
Title The Simon and Schuster handbook of anatomy and physiology /
Statement of responsibility, etc James Bevan.
740 ## - ADDED ENTRY--UNCONTROLLED RELATED/ANALYTICAL TITLE
Uncontrolled related/analytical title Handbook of anatomy and physiology.
906 ## - LOCAL DATA ELEMENT F, LDF (RLIN)
a 7
b cbc
c orignew
d 1
e ocip
f 19
g y-gencatlg
942 ## - ADDED ENTRY ELEMENTS (KOHA)
Source of classification or shelving scheme
Item type Books
Holdings
Withdrawn status Lost status Source of classification or shelving scheme Damaged status Not for loan Collection code Permanent location Current location Shelving location Date acquired Total Checkouts Full call number Barcode Date last seen Price effective from Koha item type
          Koleksioni i përgjithshem UBT - Lipjan UBT - Lipjan Koleksioni i përgjithshem 01/31/2018   612 BEV 002-2996781 01/31/2018 01/31/2018 Books
UBT Library © 2015-2024. All rights reserved University Education for Business and Technology